1040 1741 1061 1190 1923 1924 1468 1698 1887 1190 1149 1283 1818 1182 1501 1351 1388 1136 1448 1698 1830 1009 1328 1731 1635 1437 1388 1038 1322 1626 1707 1364 1069 1544 1828 1888 1864 1956 1604 1407 1608 1021 1564 1202 1282 1710 1806 1083 1575 1392 1870 1060 1177 1927 1704 1018 1177 1308 1100 1628 1339 1371 1412 1019 1082 1390 1693 1686 1468 1650 1945 1483 1709 1864 1302 1192 1830 1786 1018 1229 1218 1053 1070 1780 1351 1709 1099 1418 1983 1618 1774 1926 1374 1845 1517 1493 1692 1646 1285 BCNSPRNW ULIB Ver.6.0+V

เปลี่ยนเป็นภาษาไทย

Change to English
 แสดงรายละเอียดบรรณานุกรม
  กลับหน้าหลัก

Brief Record : Get Marc (ISO 2709) : E-mail record : QR code < ปิดหน้าต่าง
LEADER : 00000nam 2200000uu 4500
001    13399125176
003     ULIB
008    161028s2558||||th 000 0 tha d
020    ^a9786163825063
050 04 ^awa294.3^bพ711พ
100 0  ^aพระครูโสภณปริยัติสุธี (ศรีบรรดร ถิรธมฺโม).
245 10 ^aพุทธธรรมกับการบริหาร /^cโดย พระครูโสภณปริยัติสุธี (ศรีบรรดร ถิรธมฺโม).
250    ^aพิมพ์ครั้งที่ 2.
260    ^aพะเยา :^bโรงพิมพ์เจริญอักษร,^c2558.
300    ^a397 หน้า :^bภาพประกอบ ;^c21 ซม.
650  7 ^aพุทธศาสนา.
650  7 ^aธรรมะ.
650  7 ^aการบริหาร.
945    ^p0^l0^i001447
999    ^aวรรณษา ชูชัยมงคล
รายการนี้ยังไม่มีแท็ก
คุณยังไม่ได้ล็อกอิน คุณสามารถมีกิจกรรมร่วมกับเว็บไซต์ได้ แต่ต้องล็อกอินก่อน ::
  ล็อกอิน

รายการสื่อสารสนเทศ

ลำดับที่ ประเภท เลขเรียก/บาร์โค้ด สถานที่ สถานะ
1. การศึกษาทั่วไป
การศึกษาทั่วไป
สถานะ=หนังสือเก่า
wa294.3 พ711พ ฉ.1 
  Barcode: 001447
ห้องสมุดวิทยาเขตสวรรค์ประชารักษ์
►ส่วนจัดเก็บหนังสือเก่า สปร
บนชั้น
  ขอยืม

รายการใกล้เคียง
    หัวเรื่อง [พุทธศาสนา.]
    หัวเรื่อง [ธรรมะ.]
    หัวเรื่อง [การบริหาร.]

BibComment


ยังไม่เคยถูกคอมเมนท์

คอมเมนท์ทรัพยากรรายการนี้
  คอมเมนท์: พุทธธรรมกับการบร..


 Copyright 2026. Bcnsprnw @Library